000 00876nas a2200289 4500
001 BR0807639
003 BR-BrBNA
005 20231205112723.0
007 ta
008 230509b bl.|||p| |||| 00| 00por d
040 _aBR-BrBNA
_bpor
_cBiblioteca Nacional de Agricultura
041 _a(Pt)
072 _aF03
100 1 _aVieira, C.V.
100 1 _aAlvarenga, A.A. de
100 1 _aCastro, E.M. de
100 1 _aNery, F.C.
100 1 _aSantos, M. de O.
245 1 _aGerminação e armazenamento de sementes de camboatã (Cupania vernalis Cambess.)- Sapindaceae
650 _aSEMENTE
650 _aPLANTA MEDICINAL
650 _aGERMINAÇÃO
650 _aARMAZENAMENTO
773 0 _tCiência e Agrotecnologia (Brazil)
_xISSN 1413-7054
_g(Mar-Apr 2008), v. 32(2) p. 444-449
_wBR0807639
909 _a202311
_bLúcia
_c55
_dLúcia Elande
942 _2AGRIS
_n0
_cANA
999 _c199573
_d199573